000 00901nam a2200265 a 4500
005 20160112084518.0
008 140113b1995 ck ||||| |||| 00| 0 spa d
020 _a9586016412
040 _aCO-BoIAVH
_cCO-BoIAVH
041 _aspa
082 1 0 _a341.762
_bS21e
245 _aLicencias ambientales :
_bevaluación de impacto ambiental, instrumento de planificación/
_ceditado por Ernesto Sánchez Triana
260 _aBogotá:
_bMinambiente,
_c1995.
300 _a238 páginas.
650 1 _aImpacto ambiental
650 1 _aGestión ambiental
650 1 _aLicencias ambientales
_zColombia
650 1 _aEvaluación de impacto ambiental
650 _aImpacto sociocultural
650 _aAnálisis económico
650 _aModelación ecológica
662 _aColombia
700 1 _aSánchez Triana, Ernesto
_eEditor
942 _cLIBRO
_2ddc
999 _c53
_d53